000 00271nam a2200121Ia 4500
008 190216s9999||||xx |||||||||||||| ||und||
100 _aRay Chaudhuri
245 0 _aLand And Soil
260 _bPrentice Hall India
_c1966
300 _a121p
650 _aBotany
942 _cBK
999 _c1050
_d1050